=LDR 00000nam 2200000 4500 =001 INLIS000000000012144 =005 20130612103702 =008 ***********************************Ind** =035 ##$$0010-061300000012144 =041 ##$$a Ind =082 ##$$a 515.63 =090 ##$$a 515.3, Alum d =100 ##$$a Akhumad, Amir =245 ##$$a Dasar-Dasar analisa Vektor, Amir Achmad =260 ##$$a 1986 $b Bandung =300 ##$$a vii,112 hlm., Ilus, 21 cm =650 ##$$a Matematika =650 ##$$a Analisa Vektor =850 ##$$a NBPNMAT